Batman Villain Images Quiz Stats

 Plays Quiz Updated Apr 5, 2020

     
Support Sporcle.
Go Orange.
Score 0/30 Timer 08:00
2 Plays Today
% Correct
Cesar Romero as 'Joker'
99.1%
Frank Gorshin as 'Riddler'
94.2%
Burgess Meredith as 'Penguin'
94%
Julie Newmar as 'Catwoman'
93.1%
Eli Wallach as 'Mr. Freeze'
76.2%
Vincent Price as 'Egghead'
50.6%
Victor Buono as 'King Tut'
44.4%
David Wayne as 'Mad Hatter'
38.5%
Liberace as 'Chandell'
25.9%
Zsa Zsa Gabor as 'Minerva'
23.3%
Milton Berle as 'Louie the Lilac'
21.9%
Joan Collins as 'Siren'
17.5%
Roddy McDowall as 'Bookworm'
15.7%
Art Carney as 'Archer'
14.8%
Cliff Robertson as 'Shame'
13.8%
% Correct
Van Johnson as 'Minstrel'
13.4%
Shelley Winters as 'Ma Parker'
12.6%
Carolyn Jones as 'Marsha, Queen of Diamonds'
12.6%
Malachi Throne as 'False-Face'
12.5%
Walter Slezak as 'Clock King'
12.3%
Ethel Merman as 'Lola Lasagne'
11.6%
Tallulah Bankhead as 'Black Widow'
10.8%
Michael Rennie as 'Sandman'
9%
Maurice Evans as 'Puzzler'
8.9%
Anne Baxter as 'Zelda the Great'
7.7%
Roger Carmel as 'Colonel Gumm'
7.4%
Rudy Vallee as 'Lord Marmaduke Ffogg'
7.3%
Ida Lupino as 'Dr. Cassandra Spellcraft'
5.6%
Barbara Rush as 'Nora Clavicle'
5.6%
Jacques Bergerac as 'Freddy the Fence'
3.7%

From the Vault

'I' State Abbreviations

by mg10

There's no 'I' in USA. Oh, wait, I guess there's one. And that other one too.
Remove Ads.
Support Sporcle.
Get the best of Sporcle when you Go Orange. This ad-free experience offers more features, more stats, and more fun while also helping to support Sporcle. Thank you for becoming a member.

Show Comments

Extras

Top Quizzes Today


Score Distribution

Your Account Isn't Verified!

In order to create a playlist on Sporcle, you need to verify the email address you used during registration. Go to your Sporcle Settings to finish the process.

Report this User

Report this user for behavior that violates our Community Guidelines.

Details: